Imiona nadane dziewczynkom w 2019 - top 200 - Statystyki

Ogólne statystyki
  • Ten quiz został rozwiązany 51 razy
  • Średni wynik to 123 z 200
Statystyki odpowiedzi
Odpowiedź % Poprawnych
1 Z Zuzanna
100%
2 J Julia
96%
3 Z Zofia
96%
12 A Aleksandra
92%
24 A Anna
92%
197 H Hana
92%
5 H Hanna
92%
27 K Kornelia
92%
4 M Maja
92%
130 M Maya
92%
117 V Victoria
92%
157 V Viktoria
92%
11 W Wiktoria
92%
36 B Barbara
88%
60 E Ewa
88%
58 K Katarzyna
88%
6 L Lena
88%
30 Ł Łucja
88%
160 M Magda
88%
8 M Maria
88%
61 M Marta
88%
18 N Natalia
88%
68 P Patrycja
88%
54 P Paulina
88%
37 W Weronika
88%
91 A Agnieszka
84%
7 A Alicja
84%
10 A Amelia
84%
15 E Emilia
84%
23 G Gabriela
84%
77 K Kamila
84%
69 K Klaudia
84%
94 L Lilia
84%
139 L Livia
84%
102 M Monika
84%
132 N Nicola
84%
158 N Nicole
84%
72 O Olga
84%
87 O Olivia
84%
9 O Oliwia
84%
21 H Helena
80%
20 I Iga
80%
40 K Karolina
80%
43 M Magdalena
80%
52 M Małgorzata
80%
17 M Marcelina
80%
59 M Marianna
80%
25 N Nadia
80%
32 N Nikola
80%
63 U Urszula
80%
141 A Adriana
76%
56 A Adrianna
76%
41 A Agata
76%
118 A Alina
76%
193 C Cecylia
76%
65 D Dominika
76%
108 E Elżbieta
76%
119 E Ewelina
76%
53 J Joanna
76%
104 J Justyna
76%
26 K Klara
76%
14 L Laura
76%
42 L Lilianna
76%
22 M Michalina
76%
16 P Pola
76%
85 A Ada
72%
38 A Anastazja
72%
200 A Andżelika
72%
180 A Angelika
72%
66 A Aurelia
72%
75 D Daria
72%
76 D Dorota
72%
51 I Izabela
72%
122 I Izabella
72%
106 J Janina
72%
45 K Kinga
72%
31 M Martyna
72%
28 M Milena
72%
39 N Nina
72%
93 S Sandra
72%
47 S Sara
72%
151 S Sylwia
72%
164 D Danuta
68%
178 H Halina
68%
95 J Jadwiga
68%
29 J Jagoda
68%
100 J Jowita
68%
34 K Kaja
68%
44 M Matylda
68%
146 T Teresa
68%
80 W Wanda
68%
172 A Aneta
64%
121 A Anita
64%
13 A Antonina
64%
71 B Bianka
64%
35 B Blanka
64%
112 C Celina
64%
86 D Dagmara
64%
55 E Eliza
64%
194 I Ilona
64%
124 J Julianna
64%
50 K Kalina
64%
64 L Lidia
64%
98 L Luiza
64%
70 M Malwina
64%
49 R Róża
64%
127 V Vanessa
64%
199 W Wanessa
64%
177 B Beata
60%
155 E Edyta
60%
97 E Emma
60%
131 F Faustyna
60%
147 F Franciszka
60%
166 J Jessica
60%
19 L Liliana
60%
82 M Marika
60%
105 M Marlena
60%
135 P Paula
60%
150 T Tamara
60%
46 A Aniela
56%
83 D Diana
56%
73 G Gaja
56%
163 H Honorata
56%
81 I Ida
56%
101 J Julita
56%
123 K Krystyna
56%
67 L Liwia
56%
62 M Melania
56%
134 O Otylia
56%
57 R Rozalia
56%
116 S Sonia
56%
74 Z Zoja
56%
110 A Adela
52%
148 A Amanda
52%
84 E Elena
52%
120 F Felicja
52%
145 I Ines
52%
92 I Inga
52%
138 I Irena
52%
96 L Lea
52%
113 L Lila
52%
48 M Mia
52%
103 N Nel
52%
33 N Nela
52%
195 N Nella
52%
152 O Ola
52%
89 R Roksana
52%
90 S Stefania
52%
165 T Tatiana
52%
78 J Jagna
48%
115 J Jaśmina
48%
125 J Judyta
48%
109 K Karina
48%
149 M Malina
48%
107 N Natasza
48%
88 R Rita
48%
133 S Sabina
48%
99 S Sofia
48%
161 S Sophia
48%
111 L Lara
44%
186 S Sophie
44%
79 A Apolonia
40%
126 E Estera
40%
129 K Konstancja
40%
153 L Lucyna
40%
140 F Florentyna
36%
136 M Mila
36%
128 N Noemi
36%
190 O Olimpia
36%
183 S Stella
36%
114 T Tola
36%
198 D Dalia
32%
175 J Józefina
32%
154 K Klementyna
32%
143 O Oktawia
32%
170 S Samanta
32%
187 C Carmen
28%
181 I Irmina
28%
167 J Jana
28%
184 M Marcjanna
28%
191 N Nelia
28%
192 Z Zoe
28%
144 G Gloria
24%
196 L Larysa
24%
168 M Mira
24%
179 N Naomi
24%
182 P Polina
24%
159 A Ariana
20%
174 A Aurora
20%
173 L Letycja
20%
162 M Milana
20%
176 M Miriam
20%
171 R Roma
20%
188 A Alisa
16%
156 E Emily
16%
142 I Inka
16%
189 M Melisa
16%
137 A Antonia
12%
185 D Dobrawa
12%
169 K Kira
12%
Nie znaleziono quizów pasujących do podanych kryteriów
Rozkład punktacji
Procent ludzi z każdym wynikiem
Percentyl według liczby udzielonych odpowiedzi
Twoja historia wyników
Nie rozwiązałeś tego quizu